000 00857cam a22002531 4500
001 rc 01002217
003 DLC
005 20260227111905.0
008 720830s1882 ohubcf 000 0ceng
010 _arc 01002217
035 _a(OCoLC)395286
040 _aDLC
_cONcM
_dOCoLC
_dICN
_dDLC
042 _apremarc
043 _an-us-oh
050 0 0 _aF497.M9
_bE9
100 1 _aEverhart, J. F.
245 1 0 _a1794.
_bHistory of Muskingum County, Ohio,
_bwith illustrations and biographical sketches of prominent men and pioneers.
260 _a[Columbus, O.]
_bF.J. Everhart & Co.,
_c1882.
300 _a480 p.
_bfront. (map) plates, ports.
_c31 cm.
500 _a"Publisher's preface" signed: A. A. Graham.
651 0 _aMuskingum County (Ohio)
_xHistory.
700 1 _aGraham, A. A.
_q(Albert Adams),
_d1848-
740 0 _aHistory of Muskingum County, Ohio
999 _c52268
_d52268